[Event "Stare Mesto op"]
[Site "Stare Mesto"]
[Date "2013.08.15"]
[Round "8"]
[White "Kapusta, Petr"]
[Black "Pribyl, Radek"]
[Result "1-0"]
[WhiteElo "2139"]
[BlackElo "1958"]
[PlyCount "111"]
[EventDate "2013.08.09"]
[EventType "swiss"]
[EventRounds "10"]
[EventCountry "CZE"]
[SourceTitle "CBM 155 Extra"]
[Source "ChessBase"]
[SourceDate "2013.08.26"]
[SourceVersion "1"]
[SourceVersionDate "2013.08.26"]
[SourceQuality "1"]

1. e4 e5 2. Nf3 Nf6 3. Nxe5 d6 4. Nf3 Nxe4 5. d4 d5 6. Bd3 Be7 7. 0-0 0-0 8. Re1 Nf6 9. h3 h6 10. c4 c6 11. Nc3 Be6 12. Qb3 Qc8 13. Ne5 Nbd7 14. Bf4 Nb6 15. c5 Nbd7 16. Qc2 Re8 17. Re3 Nxe5 18. Bxe5 Nd7 19. Bh2 b6 20. cxb6 axb6 21. Bh7+ Kh8 22. Bf5 Nf8 23. Bxe6 Nxe6 24. Ne2 c5 25. dxc5 Bxc5 26. Rc3 d4 27. Rd3 Qa6 28. a3 Rac8 29. Qd1 f6 30. b4 Bf8 31. Nxd4 Rcd8 32. b5 Qa8 33. Nxe6 Rxd3 34. Qxd3 Rxe6 35. Bf4 Bc5 36. Be3 Bxe3 37. fxe3 Qe8 38. Kf2 Qh5 39. Rc1 f5 40. Rc8+ Kh7 41. Qd8 Qf7 42. Rc7 Qg6 43. Rc8 Qf7 44. Qd5 f4 45. e4 Qf6 46. Qf5+ Qxf5 47. exf5 Re5 48. a4 Re4 49. Rc6 Rxa4 50. Rxb6 Rb4 51. Rb7 Kg8 52. Kf3 h5 53. b6 Kf8 54. Rb8+ Kf7 55. b7 h4 56. Kg4 1-0

[Event "Stare Mesto op"]
[Site "Stare Mesto"]
[Date "2012.08.12"]
[Round "3"]
[White "Pribyl, Radek"]
[Black "Cajka, Tibor"]
[Result "1/2-1/2"]
[WhiteElo "1713"]
[BlackElo "2168"]
[PlyCount "76"]
[EventDate "2012.08.10"]
[EventType "swiss"]
[EventRounds "10"]
[EventCountry "CZE"]
[SourceTitle "CBM 149 Extra"]
[Source "ChessBase"]
[SourceDate "2012.08.24"]
[SourceVersion "1"]
[SourceVersionDate "2012.08.24"]
[SourceQuality "1"]

1. e4 c5 2. Nf3 d6 3. d4 cxd4 4. Nxd4 Nf6 5. Nc3 a6 6. h3 e5 7. Nf3 Qc7 8. Bg5 Nbd7 9. Bd3 b5 10. a3 Bb7 11. 0-0 h6 12. Bxf6 Nxf6 13. Nd5 Nxd5 14. exd5 Bxd5 15. Bxb5+ Bc6 16. Bxc6+ Qxc6 17. Re1 Be7 18. b3 0-0 19. c4 Rab8 20. Nd4 Qd7 21. Ne2 Qb7 22. b4 Qe4 23. Nd4 Qxd4 24. Qxd4 exd4 25. Rxe7 Rfc8 26. Rc1 Rb6 27. Re4 a5 28. bxa5 Ra6 29. Rxd4 Rxa5 30. Rxd6 Rxa3 31. Rd7 Ra5 32. Rb1 Rf5 33. Rb5 Rf4 34. c5 Rf5 35. g4 Rfxc5 36. Rbb7 Rf8 37. Kg2 Rcc8 38. Kg3 Rcd8 1/2-1/2

[Event "Brno Duras op-B"]
[Site "Brno"]
[Date "2012.06.30"]
[Round "9"]
[White "Pribyl, Radek"]
[Black "Zikan, Karel"]
[Result "1-0"]
[WhiteElo "1713"]
[BlackElo "1838"]
[PlyCount "97"]
[EventDate "2012.06.23"]
[EventType "tourn"]
[EventRounds "9"]
[EventCountry "CZE"]
[SourceTitle "CBM 149 Extra"]
[Source "ChessBase"]
[SourceDate "2012.08.24"]
[SourceVersion "1"]
[SourceVersionDate "2012.08.24"]
[SourceQuality "1"]

1. e4 c6 2. d4 d5 3. Nc3 dxe4 4. Nxe4 Nd7 5. Nf3 Ngf6 6. Nxf6+ Nxf6 7. Bc4 e6 8. 0-0 Qc7 9. Bg5 Be7 10. Ne5 0-0 11. f4 Nd5 12. Bxe7 Qxe7 13. Bd3 Nf6 14. Rf3 g6 15. Qe1 Kg7 16. Qh4 Nd5 17. Qxe7 Nxe7 18. Re1 b6 19. Be4 Bb7 20. Rc3 Rfc8 21. Kf2 Nd5 22. Bxd5 cxd5 23. Ree3 Kf8 24. g4 Rxc3 25. Rxc3 Rc8 26. Rxc8+ Bxc8 27. g5 Bb7 28. Ke3 Ke7 29. Ng4 Kf8 30. Kd2 Ba6 31. Kc3 Be2 32. Nf6 Kg7 33. h4 h6 34. Kb4 hxg5 35. hxg5 Kf8 36. b3 Ke7 37. c4 dxc4 38. bxc4 Kd6 39. Ng8 Bd3 40. a4 a6 41. c5+ bxc5+ 42. dxc5+ Kd7 43. Nh6 Ke7 44. Ka5 Bc2 45. c6 Kd8 46. Kb6 Bxa4 47. Nxf7+ Ke7 48. Ne5 Kd8 49. Nxg6 1-0

[Event "Brno Duras op-B"]
[Site "Brno"]
[Date "2012.06.24"]
[Round "3"]
[White "Bauer, Miroslav"]
[Black "Pribyl, Radek"]
[Result "0-1"]
[WhiteElo "1100"]
[BlackElo "1713"]
[PlyCount "52"]
[EventDate "2012.06.23"]
[EventType "tourn"]
[EventRounds "9"]
[EventCountry "CZE"]
[SourceTitle "CBM 149 Extra"]
[Source "ChessBase"]
[SourceDate "2012.08.24"]
[SourceVersion "1"]
[SourceVersionDate "2012.08.24"]
[SourceQuality "1"]

1. e4 e5 2. Nf3 Nf6 3. Nc3 Nc6 4. d4 exd4 5. Nxd4 Bc5 6. Nb3 Bb6 7. Bd3 d6 8. 0-0 h6 9. Bf4 0-0 10. Nd5 Be6 11. Nxf6+ Qxf6 12. Re1 Qxf4 13. Rc1 Bxf2+ 14. Kh1 Bxe1 15. Qxe1 Bxb3 16. axb3 Ne5 17. Rd1 Nxd3 18. cxd3 f5 19. exf5 Rae8 20. Qg1 Rxf5 21. h3 Re3 22. b4 Rh5 23. Qf1 Qg4 24. Kg1 Rexh3 25. Re1 Qd4+ 26. Qf2 Rh1# 0-1

[Event "Brno Duras op-B"]
[Site "Brno"]
[Date "2011.07.01"]
[Round "8"]
[White "Hlavinka, Zdenek"]
[Black "Pribyl, Radek"]
[Result "1/2-1/2"]
[WhiteElo "1975"]
[BlackElo "1713"]
[PlyCount "92"]
[EventDate "2011.06.25"]
[EventType "swiss"]
[EventRounds "9"]
[EventCountry "CZE"]
[SourceTitle "EXT 2012"]
[Source "ChessBase"]
[SourceDate "2011.11.24"]
[SourceVersion "1"]
[SourceVersionDate "2011.11.24"]
[SourceQuality "1"]

1. e4 e5 2. Nf3 Nf6 3. Nc3 Nc6 4. Bc4 Nxe4 5. Nxe4 d5 6. Bd3 dxe4 7. Bxe4 Bg4 8. h3 Bh5 9. Bxc6+ bxc6 10. Qe2 Bxf3 11. Qxe5+ Qe7 12. Qxe7+ Bxe7 13. gxf3 Kd7 14. d3 Bf6 15. c3 Rhe8+ 16. Be3 Rab8 17. 0-0-0 Rb7 18. Kc2 Re5 19. b3 a5 20. a4 Rf5 21. f4 h6 22. Rhg1 Rb8 23. Rde1 Re8 24. Bd2 Rxe1 25. Rxe1 Bh4 26. Rg1 g5 27. fxg5 hxg5 28. Rg2 f6 29. Be3 Rf3 30. Rh2 Rf5 31. b4 Kc8 32. Kd2 Kb7 33. Bd4 axb4 34. cxb4 Rf4 35. Bc5 g4 36. hxg4 Rxg4 37. Kc3 f5 38. Bd4 Be7 39. f3 Bxb4+ 40. Kxb4 Rxd4+ 41. Kc5 Rxd3 42. Rb2+ Kc8 43. Kxc6 Rxf3 44. a5 Ra3 45. Rh2 Rc3+ 46. Kb5 Kb7 1/2-1/2

[Event "CZE-chTE U20 0910"]
[Site "Czech Republic"]
[Date "2010.01.23"]
[Round "7.5"]
[White "Pribyl, Radek"]
[Black "Plevak, Petr"]
[Result "1-0"]
[WhiteElo "1761"]
[BlackElo "1768"]
[PlyCount "85"]
[EventDate "2009.10.03"]
[EventType "team-tourn"]
[EventRounds "7"]
[EventCountry "CZE"]
[SourceTitle "EXT 2011"]
[Source "ChessBase"]
[SourceDate "2010.11.26"]
[SourceVersion "1"]
[SourceVersionDate "2010.11.26"]
[SourceQuality "1"]
[WhiteTeam "Brno (U20)"]
[BlackTeam "Stare Mesto (U20)"]
[WhiteTeamCountry "CZE"]
[BlackTeamCountry "CZE"]

1. e4 e5 2. Nf3 Nc6 3. d4 exd4 4. Bc4 Be7 5. c3 Nf6 6. e5 Ne4 7. cxd4 d5 8. Bb5 0-0 9. h3 Bb4+ 10. Bd2 Bxd2+ 11. Nbxd2 Ne7 12. Bd3 Nxd2 13. Qxd2 Bf5 14. Rc1 Bxd3 15. Qxd3 c6 16. 0-0 Ng6 17. Qd2 Re8 18. Nh2 Rc8 19. f4 f6 20. f5 Nf8 21. e6 Rc7 22. Rf3 g6 23. g4 Rg7 24. Kh1 gxf5 25. gxf5 h5 26. Rg1 Ree7 27. Rfg3 Qc7 28. Rxg7+ Rxg7 29. Rxg7+ Qxg7 30. Qg2 Nh7 31. h4 b6 32. Nf1 Qxg2+ 33. Kxg2 Kf8 34. Ng3 Ke7 35. Kf3 Nf8 36. Nxh5 Nh7 37. Nf4 Nf8 38. b4 a6 39. a4 Kd6 40. Ke3 Ke7 41. b5 axb5 42. axb5 Kd6 43. bxc6 1-0

[Event "CZE-chTE U20 0910"]
[Site "Czech Republic"]
[Date "2009.10.03"]
[Round "1.5"]
[White "Melzer, Patrik"]
[Black "Pribyl, Radek"]
[Result "1/2-1/2"]
[WhiteElo "1816"]
[BlackElo "1761"]
[PlyCount "81"]
[EventDate "2009.10.03"]
[EventType "team-tourn"]
[EventRounds "7"]
[EventCountry "CZE"]
[SourceTitle "EXT 2011"]
[Source "ChessBase"]
[SourceDate "2010.11.26"]
[SourceVersion "1"]
[SourceVersionDate "2010.11.26"]
[SourceQuality "1"]
[WhiteTeam "Havirov (U20)"]
[BlackTeam "Brno (U20)"]
[WhiteTeamCountry "CZE"]
[BlackTeamCountry "CZE"]

1. d4 d5 2. c4 e6 3. Nf3 Nf6 4. Bg5 Be7 5. Nc3 b6 6. e3 Bb7 7. cxd5 Nxd5 8. Nxd5 Bxd5 9. Bxe7 Qxe7 10. a3 0-0 11. Bd3 h6 12. Rc1 Rc8 13. 0-0 Bb7 14. Rc3 Nd7 15. Qe2 e5 16. Bf5 exd4 17. Nxd4 c5 18. Nf3 Rd8 19. Rd1 Bxf3 20. Qxf3 Ne5 21. Rxd8+ Rxd8 22. Qe2 Qd6 23. f4 Nc6 24. Rd3 Qe7 25. Qd2 Rxd3 26. Qxd3 Kf8 27. Be4 Qd8 28. g4 Qxd3 29. Bxd3 Ke7 30. Kf2 g5 31. Kf3 Kd6 32. Bc4 f6 33. Ke4 Ne7 34. h3 Kc6 35. a4 Kd6 36. fxg5 hxg5 37. Bf7 Kc6 38. Bc4 Kd6 39. Bb5 Ke6 40. Bc4+ Kd6 41. Bb3 1/2-1/2

[Event "CZE-ch U16"]
[Site "Kouty nad Desnou"]
[Date "2009.03.09"]
[Round "3"]
[White "Hosek, Martin"]
[Black "Pribyl, Radek"]
[Result "1-0"]
[WhiteElo "1881"]
[BlackElo "1823"]
[PlyCount "43"]
[EventDate "2009.03.07"]
[EventType "swiss"]
[EventRounds "9"]
[EventCountry "CZE"]
[SourceTitle "EXT 2011"]
[Source "ChessBase"]
[SourceDate "2010.11.26"]
[SourceVersion "1"]
[SourceVersionDate "2010.11.26"]
[SourceQuality "1"]

1. e4 e5 2. Nc3 Nf6 3. g3 Nc6 4. Bg2 Bc5 5. Nge2 Ng4 6. 0-0 Qf6 7. Qe1 Nb4 8. Nd5 Nxd5 9. exd5 d6 10. h3 Nxf2 11. d4 exd4 12. Rxf2 d3 13. Nd4+ Qe5 14. Be3 0-0 15. Rf4 dxc2 16. Rc1 f5 17. Qc3 Re8 18. Bf2 Bd7 19. Rxc2 a6 20. Nb3 Bxf2+ 21. Rfxf2 Rac8 22. Na5 1-0

[Event "Morava-ch U16"]
[Site "Havirov"]
[Date "2008.10.27"]
[Round "6"]
[White "Gabriel, Adam"]
[Black "Pribyl, Radek"]
[Result "0-1"]
[WhiteElo "2000"]
[BlackElo "1764"]
[PlyCount "96"]
[EventDate "2008.10.25"]
[EventType "swiss"]
[EventRounds "9"]
[EventCountry "CZE"]
[SourceTitle "EXT 2009"]
[Source "ChessBase"]
[SourceDate "2008.11.26"]
[SourceVersion "1"]
[SourceVersionDate "2008.11.26"]
[SourceQuality "1"]

1. d4 d5 2. Nc3 Nf6 3. Bg5 e6 4. e4 dxe4 5. Nxe4 Be7 6. Bxf6 Bxf6 7. Nf3 0-0 8. c3 Nd7 9. Bd3 b6 10. 0-0 Bb7 11. Re1 h6 12. Bc2 Re8 13. Qd3 Nf8 14. b4 Qe7 15. a4 Rad8 16. a5 Bxe4 17. Qxe4 c5 18. axb6 axb6 19. Ba4 Nd7 20. Ne5 Bxe5 21. dxe5 cxb4 22. cxb4 Rf8 23. Bc2 g6 24. Ra7 Qg5 25. f4 Qf5 26. Qc6 Nb8 27. Qc4 Qg4 28. Re3 Rc8 29. Qe4 Rfd8 30. h3 Qh4 31. Kh2 Nc6 32. Rb7 Rd4 33. Qf3 Rxf4 34. Qg3 Qxg3+ 35. Kxg3 Rxb4 36. Rc3 b5 37. Bd3 Rd8 38. Bxg6 Nxe5 39. Bh5 Rd7 40. Rb8+ Kg7 41. Rc5 Rd5 42. Rc7 Rd3+ 43. Kh2 Rb2 44. Rcb7 Rdd2 45. Rxb5 Rxg2+ 46. Kh1 Rh2+ 47. Kg1 Rbg2+ 48. Kf1 Nc4 0-1

[Event "Morava-ch U16"]
[Site "Havirov"]
[Date "2008.10.26"]
[Round "4"]
[White "Pribyl, Radek"]
[Black "Jurca, Marek"]
[Result "1-0"]
[WhiteElo "1764"]
[BlackElo "1701"]
[PlyCount "73"]
[EventDate "2008.10.25"]
[EventType "swiss"]
[EventRounds "9"]
[EventCountry "CZE"]
[SourceTitle "EXT 2009"]
[Source "ChessBase"]
[SourceDate "2008.11.26"]
[SourceVersion "1"]
[SourceVersionDate "2008.11.26"]
[SourceQuality "1"]

1. e4 c6 2. d4 d5 3. Nd2 dxe4 4. Nxe4 Bf5 5. Ng3 Bg6 6. Nf3 e6 7. Bd3 Bxd3 8. Qxd3 Nf6 9. 0-0 Nbd7 10. Bg5 Be7 11. Rad1 0-0 12. Rfe1 Qb6 13. b3 Rad8 14. Ne4 Qc7 15. Qe2 Nxe4 16. Qxe4 Nf6 17. Qh4 Nd5 18. c4 Bxg5 19. Nxg5 Nf6 20. Rd3 h6 21. Ne4 Nxe4 22. Rxe4 Rd7 23. Rg4 f5 24. Rg6 Kh7 25. Rxe6 Rd6 26. Re7 Rd7 27. Rxd7 Qxd7 28. h3 Re8 29. d5 Qd6 30. g3 Re4 31. Qh5 g6 32. Qd1 c5 33. Qd2 g5 34. Re3 Rd4 35. Qe2 Kg8 36. Re6 Qd7 37. Qh5 1-0